[Event "Madrid Pueblo Nuevo IRT 13th"]
[Site "Madrid"]
[Date "2006.11.23"]
[Round "7"]
[White "Martinez Garcia, Felipe"]
[Black "Adekola, Adedeji"]
[Result "1-0"]
[WhiteElo "2028"]
[BlackElo "2109"]
[PlyCount "111"]
[EventDate "2006.11.02"]
[EventType "tourn"]
[EventRounds "9"]
[EventCountry "ESP"]
[SourceTitle "EXT 2008"]
[Source "ChessBase"]
[SourceDate "2007.11.25"]
[SourceVersion "1"]
[SourceVersionDate "2007.11.25"]
[SourceQuality "1"]

1. c3 Nc6 2. d4 e5 3. dxe5 Nxe5 4. f4 Ng6 5. e4 Nf6 6. e5 Ne4 7. Nf3 Bc5 8. Qd5 Nf2 9. Qxc5 Nxh1 10. Be3 d6 11. exd6 cxd6 12. Qd4 0-0 13. Nbd2 Re8 14. 0-0-0 Be6 15. Kb1 Qa5 16. Nb3 Bf5+ 17. Bd3 Qb6 18. Bxf5 Rxe3 19. Qxb6 axb6 20. Bxg6 hxg6 21. Rxh1 Rae8 22. Nbd4 R8e4 23. g3 f6 24. Kc2 Kf7 25. Kd2 Re8 26. Re1 Rxe1 27. Nxe1 d5 28. Nef3 Rh8 29. h4 Ke7 30. Kd3 Kd7 31. Nb5 Re8 32. a3 Re4 33. Nbd4 Re8 34. Nc2 Kd6 35. Ncd4 Kd7 36. Nb5 Re7 37. b3 Re8 38. a4 Re7 39. Nbd4 Re8 40. Nc2 Re7 41. Ne3 Kd6 42. Nd2 Re8 43. Kd4 Kc6 44. Kd3 Re7 45. Nf3 Re8 46. Nc2 Kd7 47. Nfd4 Re7 48. Ne3 Kd6 49. Ndf5+ gxf5 50. Nxf5+ Ke6 51. Nxe7 Kxe7 52. f5 Kd6 53. Kd4 Kc6 54. g4 Kd6 55. g5 fxg5 56. hxg5 1-0

[Event "Madrid Pueblo Nuevo IRT 13th"]
[Site "Madrid"]
[Date "2006.11.07"]
[Round "3"]
[White "Adekola, Adedeji"]
[Black "Salgado Lopez, Oscar"]
[Result "1/2-1/2"]
[WhiteElo "2109"]
[BlackElo "2199"]
[PlyCount "50"]
[EventDate "2006.11.02"]
[EventType "tourn"]
[EventRounds "9"]
[EventCountry "ESP"]
[SourceTitle "EXT 2008"]
[Source "ChessBase"]
[SourceDate "2007.11.25"]
[SourceVersion "1"]
[SourceVersionDate "2007.11.25"]
[SourceQuality "1"]

1. e4 c5 2. Nf3 e6 3. d4 cxd4 4. Nxd4 a6 5. c4 Nf6 6. Qc2 Qc7 7. Be2 Nc6 8. Nxc6 dxc6 9. 0-0 e5 10. Bg5 h6 11. Bxf6 gxf6 12. c5 Be6 13. Nd2 Rd8 14. b4 Be7 15. Rfd1 0-0 16. Nf1 Rxd1 17. Rxd1 Rd8 18. Ng3 Rxd1+ 19. Bxd1 Qd8 20. a3 Qd4 21. Ne2 Qa1 22. Qc1 Qxc1 23. Nxc1 f5 24. exf5 Bxf5 25. Kf1 Kf8 1/2-1/2

[Event "Madrid Pueblo Nuevo IRT 13th"]
[Site "Madrid"]
[Date "2006.11.02"]
[Round "1"]
[White "Adekola, Adedeji"]
[Black "Perez Ferris, Miguel Angel"]
[Result "1-0"]
[WhiteElo "2109"]
[BlackElo "1997"]
[PlyCount "63"]
[EventDate "2006.11.02"]
[EventType "tourn"]
[EventRounds "9"]
[EventCountry "ESP"]
[SourceTitle "EXT 2008"]
[Source "ChessBase"]
[SourceDate "2007.11.25"]
[SourceVersion "1"]
[SourceVersionDate "2007.11.25"]
[SourceQuality "1"]

1. e4 c6 2. d4 d5 3. Nc3 dxe4 4. Nxe4 Nf6 5. Nxf6+ gxf6 6. Bc4 e6 7. Bf4 Nd7 8. Qd2 Nb6 9. Bb3 h5 10. h4 a5 11. a4 Bb4 12. c3 Be7 13. Ne2 Nd5 14. Bg3 Qb6 15. Bc4 Bd7 16. 0-0 Qd8 17. Rfe1 Nb6 18. Bb3 Nd5 19. Nf4 Nxf4 20. Bxf4 Qb6 21. Bd1 0-0-0 22. Bg3 Rdg8 23. Qf4 Kd8 24. Qb8+ Bc8 25. Bf3 Rxg3 26. Qxg3 Qxb2 27. Qg7 Rf8 28. Bxh5 Ke8 29. Qg3 Qd2 30. Qc7 Bd7 31. Qxb7 Qh6 32. Bf3 1-0

[Event "Madrid op3"]
[Site "Madrid"]
[Date "2005.10.21"]
[Round "7"]
[White "Adekola, Adedeji"]
[Black "Martinez Garcia, Felipe"]
[Result "1-0"]
[WhiteElo "2080"]
[BlackElo "2052"]
[PlyCount "43"]
[EventDate "2005.10.07"]
[EventType "swiss"]
[EventRounds "9"]
[EventCountry "ESP"]
[SourceTitle "EXT 2006"]
[Source "ChessBase"]
[SourceDate "2005.11.24"]
[SourceVersion "1"]
[SourceVersionDate "2005.11.24"]
[SourceQuality "1"]

1. e4 d5 2. exd5 Nf6 3. d4 Nxd5 4. c4 Nb6 5. Nc3 g6 6. Nf3 Bg4 7. Be3 Nc6 8. h3 Bxf3 9. Qxf3 Nxd4 10. Bxd4 Qxd4 11. Qxb7 Rd8 12. Qc6+ Qd7 13. Qxd7+ Kxd7 14. c5 Bg7 15. 0-0-0+ Kc6 16. Rxd8 Rxd8 17. cxb6 axb6 18. Kc2 Bh6 19. Bd3 f5 20. Rd1 Rf8 21. Bb5+ Kb7 22. Rd7 1-0

[Event "Madrid op3"]
[Site "Madrid"]
[Date "2005.10.16"]
[Round "6"]
[White "Perez Martinez, Jose Manuel"]
[Black "Adekola, Adedeji"]
[Result "0-1"]
[WhiteElo "1837"]
[BlackElo "2080"]
[PlyCount "100"]
[EventDate "2005.10.07"]
[EventType "swiss"]
[EventRounds "9"]
[EventCountry "ESP"]
[SourceTitle "EXT 2006"]
[Source "ChessBase"]
[SourceDate "2005.11.24"]
[SourceVersion "1"]
[SourceVersionDate "2005.11.24"]
[SourceQuality "1"]

1. e4 e5 2. Nf3 Nc6 3. Bc4 Be7 4. Nc3 Nf6 5. 0-0 0-0 6. a3 Nxe4 7. Nxe4 d5 8. Bxd5 Qxd5 9. Nc3 Qd8 10. h3 f5 11. d3 Bf6 12. Re1 a6 13. Nh2 Qd6 14. Ne2 Be6 15. f4 e4 16. Nc3 Bd4+ 17. Kh1 Rae8 18. dxe4 Bxc3 19. Qxd6 cxd6 20. bxc3 fxe4 21. Rxe4 Bd5 22. Re3 Na5 23. Nf3 Nc4 24. Rd3 Bxf3 25. Rxf3 Re2 26. f5 Ne5 27. Rf4 Rxc2 28. Be3 Rxc3 29. Bd2 Rc2 30. Bb4 Nd3 31. Rd4 Nxb4 32. axb4 Rxf5 33. Rxd6 h6 34. Rb6 Rf7 35. Rd1 Rfc7 36. Kh2 R2c6 37. Rd8+ Kh7 38. Rd6 Rxd6 39. Rxd6 Rc6 40. Rd4 b5 41. Kg3 Kg6 42. Kf4 Kf6 43. Ke4 Ke6 44. Kd3 Rd6 45. Ke4 Rxd4+ 46. Kxd4 Kd6 47. h4 h5 48. Ke4 Kc6 49. Kf5 a5 50. bxa5 b4 0-1

[Event "Madrid 05"]
[Site "Madrid"]
[Date "2005.05.21"]
[Round "1"]
[White "Lopez de Turiso, Jose Angel"]
[Black "Adekola, Adedeji"]
[Result "0-1"]
[WhiteElo "2117"]
[BlackElo "2080"]
[PlyCount "98"]
[EventDate "2005.05.21"]
[EventType "tourn"]
[EventRounds "9"]
[EventCountry "ESP"]
[SourceTitle "EXT 2006"]
[Source "ChessBase"]
[SourceDate "2005.11.24"]
[SourceVersion "1"]
[SourceVersionDate "2005.11.24"]
[SourceQuality "1"]

1. e4 e5 2. Nf3 Nc6 3. Bb5 a6 4. Bxc6 dxc6 5. 0-0 f6 6. d4 exd4 7. Qxd4 Be6 8. Qxd8+ Rxd8 9. Be3 c5 10. Nc3 c6 11. Na4 c4 12. Nb6 Ne7 13. Nd2 c3 14. bxc3 Nc8 15. Nb3 Nxb6 16. Bxb6 Rd7 17. Rad1 Be7 18. a4 Kf7 19. Rd4 Bd8 20. Rxd7+ Bxd7 21. Rd1 Ke7 22. Nc5 Bc8 23. Bxd8+ Rxd8 24. Rxd8 Kxd8 25. f4 Kc7 26. Kf2 Kb6 27. Nb3 a5 28. Nd2 Kc5 29. Ke3 b5 30. axb5 cxb5 31. Nb3+ Kb6 32. Kd4 a4 33. Nc5 a3 34. Nb3 a2 35. e5 Be6 36. Na1 f5 37. c4 Bxc4 38. Kc3 Kc5 39. Kb2 Kd4 40. Nb3+ Ke3 41. g3 Kf2 42. Kxa2 Kg2 43. Ka3 Kxh2 44. Nd4 Kxg3 45. Nxf5+ Kxf4 46. Nxg7 Kxe5 47. Kb4 Bf7 48. Kxb5 Kf6 49. c4 Kxg7 0-1

[Event "Madrid op2"]
[Site "Madrid"]
[Date "2005.03.15"]
[Round "9"]
[White "Garcia Iturriaga, Manuel"]
[Black "Adekola, Adedeji"]
[Result "0-1"]
[WhiteElo "2002"]
[BlackElo "2080"]
[PlyCount "98"]
[EventDate "2005.02.12"]
[EventType "swiss"]
[EventRounds "9"]
[EventCountry "ESP"]
[SourceTitle "EXT 2006"]
[Source "ChessBase"]
[SourceDate "2005.11.24"]
[SourceVersion "1"]
[SourceVersionDate "2005.11.24"]
[SourceQuality "1"]

1. f4 Nf6 2. Nf3 c5 3. e3 g6 4. b3 Bg7 5. Bb2 0-0 6. Bd3 d5 7. 0-0 Nc6 8. Qe1 Nb4 9. Nc3 Nxd3 10. cxd3 Bf5 11. Ne5 d4 12. Ne4 Nxe4 13. dxe4 Bxe4 14. d3 Bf5 15. e4 Bc8 16. Nf3 Qd6 17. Qh4 b6 18. Ng5 h6 19. Nf3 Qf6 20. Qg3 a5 21. Rac1 a4 22. b4 a3 23. Ba1 Qd6 24. bxc5 bxc5 25. Nd2 Ba6 26. Nc4 Bxc4 27. Rxc4 Rfb8 28. Rfc1 Rb5 29. Qf3 e5 30. f5 g5 31. Qd1 Bf8 32. Ra4 Rxa4 33. Qxa4 Qb6 34. h3 Rb1 35. Qd1 Rxc1 36. Qxc1 Qb4 37. Kh2 Bd6 38. f6 Bc7 39. h4 Ba5 40. hxg5 Qd2 41. Qxc5 Qf4+ 42. Kh1 Bd2 43. Bxd4 exd4 44. Qxd4 Be3 45. Qd8+ Kh7 46. g6+ Kxg6 47. Qa8 Kxf6 48. Qh8+ Ke7 49. g4 Qf1+ 0-1

[Event "Madrid 02"]
[Site "Madrid"]
[Date "2005.03.14"]
[Round "9"]
[White "Adekola, Adedeji"]
[Black "Benito Mellado, Humberto"]
[Result "1-0"]
[WhiteElo "2080"]
[BlackElo "1720"]
[PlyCount "43"]
[EventDate "2005.02.14"]
[EventType "tourn"]
[EventRounds "9"]
[EventCountry "ESP"]
[SourceTitle "EXT 2006"]
[Source "ChessBase"]
[SourceDate "2005.11.24"]
[SourceVersion "1"]
[SourceVersionDate "2005.11.24"]
[SourceQuality "1"]

1. e4 e6 2. d4 d5 3. Nd2 dxe4 4. Nxe4 Nf6 5. Ng3 Be7 6. Nf3 b6 7. Bb5+ Nbd7 8. Ne5 0-0 9. Qf3 Nd5 10. Nc6 Qe8 11. 0-0 a6 12. Nxe7+ Qxe7 13. Bc6 Ra7 14. Bxd5 exd5 15. Qxd5 Bb7 16. Qg5 Nf6 17. Nh5 g6 18. Nxf6+ Kh8 19. Bf4 Bc8 20. Be5 Qe6 21. Qh6 Re8 22. Qxh7# 1-0

[Event "Madrid 02"]
[Site "Madrid"]
[Date "2005.02.16"]
[Round "2"]
[White "Adekola, Adedeji"]
[Black "Holdsworth, Simon P"]
[Result "0-1"]
[WhiteElo "2080"]
[BlackElo "2063"]
[PlyCount "82"]
[EventDate "2005.02.14"]
[EventType "tourn"]
[EventRounds "9"]
[EventCountry "ESP"]
[SourceTitle "EXT 2006"]
[Source "ChessBase"]
[SourceDate "2005.11.24"]
[SourceVersion "1"]
[SourceVersionDate "2005.11.24"]
[SourceQuality "1"]

1. e4 g6 2. d4 Bg7 3. Nf3 d6 4. c4 Nf6 5. Nc3 0-0 6. Be2 Nc6 7. 0-0 e5 8. dxe5 Nxe5 9. Nxe5 dxe5 10. Bg5 c6 11. Qb3 Qc7 12. Rfd1 Be6 13. Rac1 Rab8 14. Qa3 b6 15. Nd5 Bxd5 16. cxd5 Nxe4 17. d6 Qd7 18. Be7 Rfe8 19. Bf3 Nc5 20. b4 e4 21. bxc5 exf3 22. Qxf3 bxc5 23. Rxc5 Rbc8 24. Qh3 Rxe7 25. Rcc1 Re6 26. Rb1 Rd8 27. g3 Rxd6 28. Rxd6 Qxd6 29. Qg4 c5 30. Qa4 Qd3 31. Rb3 Qd1+ 32. Kg2 Qd5+ 33. Kg1 c4 34. Rb4 Qd1+ 35. Qxd1 Rxd1+ 36. Kg2 c3 37. Rb8+ Bf8 38. Rc8 Rc1 39. Kf3 Kg7 40. Ke2 Bb4 41. Rc4 a5 0-1